On guard : (Record no. 8439)
[ view plain ]
| 000 -LEADER | |
|---|---|
| fixed length control field | 01096nam a22002177a 4500 |
| 003 - CONTROL NUMBER IDENTIFIER | |
| control field | GBCCL |
| 005 - DATE AND TIME OF LATEST TRANSACTION | |
| control field | 20241126110651.0 |
| 008 - FIXED-LENGTH DATA ELEMENTS--GENERAL INFORMATION | |
| fixed length control field | 210218b ||||| |||| 00| 0 eng d |
| 020 ## - INTERNATIONAL STANDARD BOOK NUMBER | |
| International Standard Book Number | 9781434764881 (pbk.) |
| 020 ## - INTERNATIONAL STANDARD BOOK NUMBER | |
| International Standard Book Number | 9781434701886 (eISBN) |
| 040 ## - CATALOGING SOURCE | |
| Transcribing agency | gbc |
| 082 ## - DEWEY DECIMAL CLASSIFICATION NUMBER | |
| Classification number | 239 |
| Item number | CRA |
| 100 ## - MAIN ENTRY--PERSONAL NAME | |
| Personal name | Craig, William Lane. |
| 9 (RLIN) | 1395 |
| 245 ## - TITLE STATEMENT | |
| Title | On guard : |
| Remainder of title | defending your faith with reason and precision / |
| Statement of responsibility, etc. | William Lane Craig. |
| 250 ## - EDITION STATEMENT | |
| Edition statement | 1st ed. |
| 260 ## - PUBLICATION, DISTRIBUTION, ETC. | |
| Place of publication, distribution, etc. | Colorado Springs, CO : |
| Name of publisher, distributor, etc. | David C. Cook, |
| Date of publication, distribution, etc. | 2010. |
| 300 ## - PHYSICAL DESCRIPTION | |
| Extent | 286 p. : |
| Other physical details | ill. ; |
| Dimensions | 23 cm. |
| 505 ## - FORMATTED CONTENTS NOTE | |
| Formatted contents note | Foreword by Lee Strobel -- What is apologetics? -- What difference does it make if God exists? -- Why does anything exist at all? -- Personal interlude: a philosopher's journey of faith, part one -- Why did the universe begin? -- Why is the universe fine-tunes for life? -- Can we be good without god? -- What about suffering? -- Personal interlude: a philosopher's journey of faith, part two -- Who was Jesus? -- Did Jesus rise from the dead? -- Is Jesus the only way to God? |
| 650 ## - SUBJECT ADDED ENTRY--TOPICAL TERM | |
| Topical term or geographic name entry element | Apologetics. |
| 9 (RLIN) | 85 |
| 942 ## - ADDED ENTRY ELEMENTS (KOHA) | |
| Source of classification or shelving scheme | Dewey Decimal Classification |
| Koha item type | Books |
| Koha issues (borrowed), all copies | 30 |
| Withdrawn status | Lost status | Source of classification or shelving scheme | Damaged status | Not for loan | Home library | Current Library | Shelving location | Date acquired | Total checkouts | Total renewals | Full call number | Barcode | Date last seen | Date last checked out | Copy number | Price effective from | Koha item type |
|---|---|---|---|---|---|---|---|---|---|---|---|---|---|---|---|---|---|
| Dewey Decimal Classification | GRACE BIBLE COLLEGE | GRACE BIBLE COLLEGE | Theology | 2021-02-18 | 14 | 2 | 239 CRA | 015039 | 2025-05-01 | 2024-09-04 | c.1 | 2021-02-18 | Books | ||||
| Dewey Decimal Classification | GRACE BIBLE COLLEGE | GRACE BIBLE COLLEGE | Theology | 2021-02-18 | 16 | 3 | 239 CRA | 015040 | 2025-05-01 | 2024-07-04 | c.2 | 2021-02-18 | Books |